Игры на графах: [монография]; пер. с нем.

Bibliographic Details
Main Author: Куммер Б. Бернд
Language:Russian
Published: Москва, Мир, 1982
Subjects:
Format: Book
KOHA link:https://koha.lib.tpu.ru/cgi-bin/koha/opac-detail.pl?biblionumber=292701

MARC

LEADER 00000nam1a2200000 4500
001 292701
005 20231102000525.0
035 |a (RuTPU)RU\TPU\book\317337 
090 |a 292701 
100 |a 20150424d1982 k y0rusy5003 ca 
101 1 |a rus  |c ger 
200 1 |a Игры на графах  |e [монография]  |e пер. с нем.  |f Б. Куммер 
210 |a Москва  |c Мир  |d 1982 
215 |a 112 с.  |c ил.  |d 21 см 
606 1 |a Игр теория  |2 stltpush  |3 (RuTPU)RU\TPU\subj\12163  |9 38998 
610 1 |a терминальные игры 
610 1 |a игры Ним 
610 1 |a графы 
610 1 |a монографии 
675 |a 519.83  |z rus  |v 4 
700 1 |a Куммер  |b Б.  |g Бернд  |4 070 
801 0 |a RU  |b RuMRKP  |c 19950704  |g psbo 
801 1 |a RU  |b 63413507  |c 20150424 
801 2 |a RU  |b 63413507  |c 20180406  |g RCR 
942 |c BK